| Tag |
First Indicator |
Second Indicator |
Subfields |
| LEADER |
00000cam a2200000 a 4500 |
| 001 |
in00000078011 |
| 005 |
20151008055115.0 |
| 008 |
810818s1978 txu 00010 eng d |
| 010 |
|
|
|a 80066067
|
| 020 |
|
|
|a 0840805039
|
| 035 |
|
|
|a (OCoLC)07677439
|
| 035 |
|
|
|9 AAJ2568AM
|
| 040 |
|
|
|a UUM
|c UUM
|d TXA
|d UtOrBLW
|
| 043 |
|
|
|a e-fr---
|
| 049 |
|
|
|a TXAM
|c [1632994]
|
| 090 |
|
|
|a PS3511.A86
|b Z9773 1978a
|
| 100 |
0 |
|
|a Tran, Qui-Phi.
|
| 245 |
1 |
0 |
|a William Faulkner and the French new novelists /
|c Tran Qui-Phiet.
|
| 264 |
|
1 |
|a Austin, Tex. :
|b American Studies Program, University of Texas ;
|a Arlington, Va. : distributed by Monograph Publishing,
|c [1978]
|
| 264 |
|
4 |
|c ©1978
|
| 300 |
|
|
|a 85 pages ;
|c 23 cm.
|
| 336 |
|
|
|a text
|b txt
|2 rdacontent
|
| 337 |
|
|
|a unmediated
|b n
|2 rdamedia
|
| 338 |
|
|
|a volume
|b nc
|2 rdacarrier
|
| 502 |
|
|
|b Ph.D.
|c University of Texas
|d 1977.
|
| 504 |
|
|
|a Bibliography: pages 81-85.
|
| 600 |
1 |
0 |
|a Faulkner, William,
|d 1897-1962
|x Appreciation
|z France.
|
| 600 |
1 |
0 |
|a Faulkner, William,
|d 1897-1962
|x Criticism and interpretation.
|
| 999 |
|
|
|a MARS
|
| 999 |
f |
f |
|s fc83c92a-96e9-395d-b2af-d514e396f472
|i 30e5096b-f091-3d94-939d-4bc32abd476c
|t 0
|
| 952 |
f |
f |
|p ric
|a Texas A&M University
|b Rellis Campus
|c Joint Library Facility
|d Remote Storage
|t 0
|e PS3511.A86 Z9773 1978a
|h Library of Congress classification
|i unmediated -- volume
|m A14806190606
|
| 998 |
f |
f |
|a PS3511.A86 Z9773 1978a
|t 0
|l Remote Storage
|